Detalles MARC
| 000 -LEADER |
| campo de control de longitud fija |
02752nam a2200445 a 4500 |
| 001 - NÚMERO DE CONTROL |
| campo de control |
37514 |
| 003 - IDENTIFICADOR DE NÚMERO DE CONTROL |
| campo de control |
AR-BaAGN |
| 005 - FECHA Y HORA DE LA ÚLTIMA TRANSACCIÓN |
| campo de control |
20250716150156.0 |
| 007 - CAMPO FIJO DE DESCRIPCIÓN FÍSICA--INFORMACIÓN GENERAL |
| campo de control de longitud fija |
ta |
| 008 - DATOS DE LONGITUD FIJA--INFORMACIÓN GENERAL |
| campo de control de longitud fija |
220625s2006 xx |||||r|||| ||||||spa d |
| 020 ## - NÚMERO INTERNACIONAL ESTÁNDAR DEL LIBRO |
| Número Internacional Estándar del Libro |
9872123330 |
| 040 ## - FUENTE DE CATALOGACIÓN |
| Centro/agencia modificador |
AR-BaAGN |
| Centro catalogador/agencia de origen |
AR-BaAGN |
| Lengua de catalogación |
español |
| Normas de descripción |
aacr |
| 942 ## - ELEMENTOS DE ENTRADA SECUNDARIOS (KOHA) |
| Tipo de ítem Koha |
Libro |
| Prefijo de la signatura |
AGN |
| 100 ## - ENTRADA PRINCIPAL--NOMBRE DE PERSONA |
| Fechas asociadas al nombre |
1895-1958 |
| 110 2# - ENTRADA PRINCIPAL--NOMBRE DE ENTIDAD CORPORATIVA |
| Nombre de entidad corporativa o nombre de jurisdicción como elemento de entrada |
Museo Histórico Cornelio de Saavedra (Buenos Aires) |
| ID autoridades |
8328 |
| 245 13 - MENCIÓN DEL TÍTULO |
| Título |
El horror de la guerra : |
| Resto del título |
personalidades y escenas de la guerra de la Triple Alianza contra el Paraguay por José Ignacio Garmendia y J. Serena / |
| Mención de responsabilidad, etc. |
Museo Histórico de Buenos Aires Cornelio Saavedra; José Ignacio Garmendia; J. Serena. |
| 246 34 - FORMA VARIANTE DEL TITULO |
| Título propio/Titulo breve |
Imágenes y lecturas : |
| Resto del título |
el horror de la guerra : personalidades y escenas de la guerra de la Triple Alianza contra el Paraguay por José Ignacio Garmendia y J. Serena |
| 246 34 - FORMA VARIANTE DEL TITULO |
| Título propio/Titulo breve |
Personalidades y escenas de la guerra de la Triple Alianza contra el Paraguay por José Ignacio Garmendia y J. Serena |
| 250 ## - MENCION DE EDICION |
| Mención de edición |
1a ed. |
| 260 ## - PUBLICACIÓN, DISTRIBUCIÓN, ETC. |
| Lugar de publicación, distribución, etc. |
Buenos Aires : |
| Nombre del editor, distribuidor, etc. |
Dirección General de Museos, |
| Fecha de publicación, distribución, etc. |
2006. |
| 300 ## - DESCRIPCIÓN FÍSICA |
| Extensión |
151 páginas : |
| Otras características físicas |
ilustraciones; |
| Dimensiones |
29 cm. |
| 336 ## - TIPO DE CONTENIDO |
| Fuente |
rdacontent |
| Código de tipo de contenido |
texto |
| 337 ## - TIPO DE MEDIO |
| Fuente |
rdamedia |
| Código del tipo de medio |
no mediado |
| 338 ## - TIPO DE SOPORTE |
| Fuente |
rdacarrier |
| Código del tipo de soporte |
volumen |
| 490 1# - MENCIÓN DE SERIE |
| Mención de serie |
Imágenes y lecturas |
| Designación de volumen o secuencia |
1 |
| 500 ## - NOTA GENERAL |
| Nota general |
La figura de J. Serena se presenta como un enigma del que apenas logramos hilvanar algunas conjeturas. Ningún museo tiene obras suyas, ningún historiador de renombre lo conoce, su nombre no aparece en los registros del ejército. Tampoco hay obras o información sobre él en Paraguay, Brasil o Uruguay. Sólo el Museo Histórico de Buenos Aires "Cornelio de Saavedra" posee obras con su firma. Debemos suponer que participó de la Guerra del Paraguay (también llamada de la Triple Alianza), ya que su imagen aparece en la acuarela realizada por Garmendia y titulada "Cotorro de Serena". Otra hipótesis admite la posibilidad de que J. Serena fuera un seudónimo (quizás de Garmendia, pero en verdad es imposible saberlo). ¿Fue un artista que no llegó a trascender? ¿Es argentino, como lo permite suponer el uniforme que luce en la acuarela pintada por Garmendia? Por el momento, no hay respuestas a estas preguntas. |
| 600 14 - PUNTO DE ACCESO ADICIONAL DE MATERIA--NOMBRE DE PERSONA |
| Nombre de persona |
Garmendia, José Ignacio, |
| Fechas asociadas al nombre |
1843-1925 |
| ID autoridades |
6828 |
| 600 14 - PUNTO DE ACCESO ADICIONAL DE MATERIA--NOMBRE DE PERSONA |
| Nombre de persona |
Serena, J. |
| ID autoridades |
8330 |
| 650 #4 - PUNTO DE ACCESO ADICIONAL DE MATERIA--TÉRMINO DE MATERIA |
| Término de materia o nombre geográfico como elemento de entrada |
GUERRA DEL PARAGUAY |
| ID autoridades |
924 |
| 650 #4 - PUNTO DE ACCESO ADICIONAL DE MATERIA--TÉRMINO DE MATERIA |
| Término de materia o nombre geográfico como elemento de entrada |
ARTE ARGENTINO |
| ID autoridades |
4245 |
| 650 #4 - PUNTO DE ACCESO ADICIONAL DE MATERIA--TÉRMINO DE MATERIA |
| Término de materia o nombre geográfico como elemento de entrada |
RETRATO |
| ID autoridades |
1963 |
| 650 #4 - PUNTO DE ACCESO ADICIONAL DE MATERIA--TÉRMINO DE MATERIA |
| Término de materia o nombre geográfico como elemento de entrada |
PINTURA |
| ID autoridades |
1901 |
| 650 #4 - PUNTO DE ACCESO ADICIONAL DE MATERIA--TÉRMINO DE MATERIA |
| Término de materia o nombre geográfico como elemento de entrada |
HISTORIA MILITAR |
| ID autoridades |
1048 |
| 651 #4 - PUNTO DE ACCESO ADICIONAL DE MATERIA--NOMBRE GEOGRÁFICO |
| Nombre geográfico |
Paraguay |
| ID autoridades |
3636 |
| 700 1# - ENTRADA AGREGADA--NOMBRE PERSONAL |
| Nombre de persona |
Rubio, Alicia |
| ID autoridades |
8321 |
| Término indicativo de función/relación |
colaborador |
| 700 1# - ENTRADA AGREGADA--NOMBRE PERSONAL |
| Nombre de persona |
Piñeiro, Alberto Gabriel, |
| Fechas asociadas al nombre |
1952- |
| ID autoridades |
8322 |
| Término indicativo de función/relación |
director de publicación |
| 700 1# - ENTRADA AGREGADA--NOMBRE PERSONAL |
| Nombre de persona |
Arias Incollá, María de las Nieves, |
| Fechas asociadas al nombre |
1950- |
| Término indicativo de función/relación |
prologuista |
| ID autoridades |
8336 |
| 710 2# - ENTRADA AGREGADA--NOMBRE DE ENTIDAD CORPORATIVA |
| Nombre de entidad corporativa o nombre de jurisdicción como elemento de entrada |
Museo Histórico Cornelio de Saavedra (Buenos Aires) |
| ID autoridades |
8328 |